La Parola Amore /
Saved in:
| Hovedforfatter: | |
|---|---|
| Format: | Bog |
| Sprog: | italiensk |
| Udgivet: |
Roma :
Terre Sommerse ,
2013
|
| Tags: |
Ingen Tags, Vær først til at tagge denne postø!
|
MARC
| LEADER | 00000nam a22000007i 4500 | ||
|---|---|---|---|
| 001 | IT\ICCU\NAP\0691811 | ||
| 003 | ItRI | ||
| 005 | 20260421163123.0 | ||
| 008 | 150707s2013 it |||||| ||||| |||||c | ||
| 020 | |a 9788896786796 | ||
| 040 | |b ita |c Arcigay Genova | ||
| 041 | 7 | |a ita |2 ISO-639-2 | |
| 100 | 1 | |a Radaelli, Edoardo |0 IT\ICCU\NAPV\171191 |4 aut | |
| 245 | 1 | 3 | |a La Parola Amore / |c Edoardo Radaelli. |
| 260 | |a Roma : |b Terre Sommerse , |c 2013 | ||
| 300 | |a 241 p. ; |c 21 cm | ||
| 942 | |2 ddc |c BK |n 0 | ||
| 952 | |0 0 |1 0 |2 ddc |4 0 |6 853_920000000000000_RAD_PAR |7 0 |9 33329 |a GE |b GE |d 2026-04-21 |l 0 |o 853.92 RAD PAR |p 11843 |r 2026-04-21 16:35:17 |w 2026-04-21 |y BK |z Donazione Claudio Tosi | ||
| 999 | |c 28944 |d 28944 | ||